Public health approach on mental health in Europe / (Record no. 4755)

MARC details
000 -LEADER
fixed length control field 00667nam a22002177a 4500
003 - CONTROL NUMBER IDENTIFIER
control field OSt
005 - DATE AND TIME OF LATEST TRANSACTION
control field 20160715153420.0
008 - FIXED-LENGTH DATA ELEMENTS--GENERAL INFORMATION
fixed length control field 160715b xxu||||| |||| 00| 0 eng d
020 ## - INTERNATIONAL STANDARD BOOK NUMBER
International Standard Book Number 9513310809
040 ## - CATALOGING SOURCE
Transcribing agency 040a
082 ## - DEWEY DECIMAL CLASSIFICATION NUMBER
Classification number WA 305
Item number P96 2001
245 ## - TITLE STATEMENT
Title Public health approach on mental health in Europe /
Statement of responsibility, etc. Juha, Lavikainen, Eero Lahtinen, Ville Lehtinen
260 ## - PUBLICATION, DISTRIBUTION, ETC. (IMPRINT)
Place of publication, distribution, etc. Finland
Name of publisher, distributor, etc. Gummerus printing
Date of publication, distribution, etc. 2001
300 ## - PHYSICAL DESCRIPTION
Extent 138p;
Other physical details ill :
Dimensions 17 cm.
504 ## - BIBLIOGRAPHY, ETC. NOTE
Bibliography, etc Includes bibliographical references
650 ## - SUBJECT ADDED ENTRY--TOPICAL TERM
Topical term or geographic name as entry element Mental health
9 (RLIN) 3237
700 ## - ADDED ENTRY--PERSONAL NAME
Personal name Lavikainen, Juha
9 (RLIN) 10233
700 ## - ADDED ENTRY--PERSONAL NAME
Personal name Lahtinen, Eero
9 (RLIN) 10234
700 ## - ADDED ENTRY--PERSONAL NAME
Personal name Lehtinen, Ville
9 (RLIN) 10235
942 ## - ADDED ENTRY ELEMENTS (KOHA)
Source of classification or shelving scheme Other/Generic Classification Scheme
Koha item type Open Shelf
Holdings
Withdrawn status Lost status Source of classification or shelving scheme Damaged status Not for loan Home library Current library Date acquired Source of acquisition Inventory number Total Checkouts Full call number Barcode Date last seen Price effective from Koha item type
    Other/Generic Classification Scheme     MUST Main Library MUST Main Library 15/07/2016   2003/20367   WA 305 P96 2001 2016-3195 15/07/2016 15/07/2016 Open Shelf
    Other/Generic Classification Scheme     MUST Main Library MUST Main Library 15/07/2016   2003/20366   WA 305 P96 2001 2016-3204 15/07/2016 15/07/2016 Open Shelf